LEADER 01026nam a2200205 i 4500 001 000000156424 003 CaOOAMICUS 005 20061205000000.0 008 061205s1947 it u000 u ita u 013 $a133779 040 $aSeMil$bita 100 1 $aChitò, Giuseppe.$0(OLS)http://semarc/name/61113 245 10$aConcorso per la sistemazione dell'area della Fiera e sue vicinanze in Bergamo /$cProgetto presentato dal concorrente dal motto Genio Urbis (Ing. Giuseppe Chitò di Bergamo) 260 $aBergamo :$bIstituto Italiano d'Arti Grafiche,$c1947. 300 $a11 p., [2] c. di tav., [9] c. di tav. ripieg. :$bpiante ;$c30x42 cm. 650 4$aBergamo.$0(OLS)http://semarc/subject/1971 850 $aSeMil 852 $aSeMil$W1$xVenegono$y1$m5N XVI 22$j108196$B108196$CSeMilBibl$Z2$F117786 $8I 996 $6245$aConcorso per la sistemazione dell'area della Fiera e sue vicinanze in Bergamo$9(OLS)http://semarc/title/229276 996 $6260$aBergamo :$bIstituto Italiano d'Arti Grafiche$9(OLS)http://semarc/publisher/29676 LEADER 01089nam a2200265 i 4500 001 000000067873 003 CaOOAMICUS 005 20260511085135.0 008 100903s1988 it u000 u ita u 013 $a39045 040 $aSeMil$bita 100 1 $aAuer, Johann,$d<1910-1989>.$0(OLS)http://semarc/name/3975 240 14$aDie Kirche.$0(OLS)http://semarc/title/67228 245 13$aLa Chiesa /$cdi Johann Auer ; edizione italiana a cura di Carlo Molari. 260 $aAssisi :$bCittadella,$c1988. 300 $a637 p. ;$c19 cm. 650 4$aEcclesiologia.$0(OLS)http://semarc/subject/42996 700 1 $aMolari, Carlo,$d<1928- >.$0(OLS)http://semarc/name/2621 773 0 $aAuer, Johann <1910-1989>$tPiccola dogmatica cattolica.$dAssisi : Cittadella, 1971-2000.$g8$w()7732 850 $aSeMil 852 $aSeMil$W1$xVenegono$y1$m2B II 658$j271631$B34026$CSeMilBibl$Z2$F34029 $81 961 $aAcquisto: Mescat 996 $6245$aLa Chiesa$9(OLS)http://semarc/title/422000 996 $6260$aAssisi :$bCittadella$9(OLS)http://semarc/publisher/29661